| 000 | 00610nam a2200205 u 4500 | ||
|---|---|---|---|
| 005 | 20240831063714.0 | ||
| 008 | 080523s2006 es r 000 0 spa d | ||
| 020 | _a8430729178 | ||
| 035 | _aUPN01000156195 | ||
| 049 | _aI | ||
| 050 | 4 |
_aPZ74.2 _bL3.4 |
|
| 100 | 1 |
_aLarreula, Enric, _d1941- _934082 |
|
| 245 | 1 | 3 |
_aLa luna que perdió el camino / _cEnric Larreula ; il. Montse Ginesta. |
| 260 |
_aBarcelona, Esp. : _bTeide, _c2006. |
||
| 300 |
_a23 p. : _bil. col. |
||
| 440 | 0 |
_aGraó. _pPan con chocolate ; _v8 |
|
| 650 | 4 |
_aCuentos infantiles españoles _97725 |
|
| 905 | _aInfantil | ||
| 999 |
_c128309 _d128309 |
||